| 000 | 00704nam a2200241 a 4500 | ||
|---|---|---|---|
| 999 |
_c1217 _d1217 |
||
| 008 | 191211s2011 ii ad||g |||| 001 0 eng d | ||
| 020 |
_a9788131501610 _cRs. 450.00 |
||
| 040 |
_aKO _beng |
||
| 041 | 0 | _aeng | |
| 044 | _aii | ||
| 082 | 0 | 4 |
_223 _a658.84 _bC998 |
| 100 | 1 | _aCzinkota, Michael R. | |
| 245 | 1 | 0 |
_aInternational Marketing / _cMichael R. Czinkota and Ilkka A. Ronkainen |
| 250 | _a8th ed. | ||
| 260 |
_aNew Delhi : _bCengage Learning India Private Limited , _c2011. |
||
| 300 |
_axxx, 646 p. : _bill. ; _c28 cm. |
||
| 504 | _aIncludes Index. | ||
| 650 | 0 |
_aExport marketing _xMarketing _vTextbooks |
|
| 700 |
_aRonkainen, Ilkka A. _eaut |
||
| 904 | _aA_BOSE | ||
| 942 | _cBK | ||